000 00797nam a2200265Ia 4500
008 160803s9999 xx 000 0 und d
020 _a0 590479636
100 _aLundell, Margo
245 2 _aA girl named Helen Keller /
245 _cby Margo Lundell ; illustrated by Irene Trivas.
260 _aNew York :
260 _bScholastic Inc.
260 _c1995
300 _a1 volume (unpaged) :
300 _bcolor illustrations ;
300 _c23 cm.
650 _aDisabilities.
650 _aJuvenile literature.
650 _aJuvenile literature.
650 _aKeller, Helen, 1880-1968 --
650 _xBlind-deaf women -- United States -- Biography --
650 _xDeafblind women -- United States -- Biography --
650 _xJuvenile literature.
700 _a350
999 _c299460
_d299460